Tous les clubs français ayant participés à l'Europa League - Statistiques

Statistiques générales
  • Ce quiz a été pris 232 fois
  • Le résultat moyen est 20 sur 25
Statistiques - réponses
1ère participation Dernière participation Nombres de participations Clubs % Correct
1974-75 2025-26 16 Lyon
100%
1973-74 2026-27 16 OM
100%
1984-85 2011-12 9 PSG
100%
2005-06 2026-27 8 Rennes
98%
2001-02 2025-26 8 Lille
97%
1971-72 2022-23 12 Nantes
96%
1981-82 2018-19 21 Bordeaux
95%
1979-80 2022-23 12 Monaco
94%
1973-74 2024-25 6 Nice
94%
1971-72 2019-20 9 Saint-Etienne
94%
1977-78 2023-24 10 Lens
93%
1986-87 2023-24 5 Toulouse
91%
1988-89 1996-97 2 Montpellier
90%
1978-79 2005-06 4 Strasbourg
88%
1984-85 2006-07 13 Auxerre
83%
1985-86 1998-99 4 Metz
77%
1996-97 2014-15 2 Guingamp
73%
1972-73 2004-05 7 Sochaux
72%
2006-07 2008-09 2 Nancy
71%
1977-78 1997-98 2 Bastia
66%
1972-73 1972-73 1 Angers
63%
1992-93 1992-93 1 Caen
58%
1971-72 1972-73 2 Nîmes
57%
1991-92 1994-95 2 Cannes
40%
1983-84 1983-84 1 Laval
32%
Aucun quiz correspondant
Distribution des résultats
% des personnes avec chaque résultat
Percentile par nombre de réponses
Votre historique - résultats
Vous n’avez pas pris ce quiz